Psychodiagnostika dospělých / Mojmír Svoboda (ed.), Pavel Humpolíček, Václav Šnorek
Kniha je zaměřena na metody používané českými psychology a aplikované na české populaci. Nově jsou zařazeny pasáže o praktickém využití konkrétních diagnostických metod u nás. Pozornost je též věnována etickým otázkám diagnostiky.
Metody sloužící k diagnostice psychických charakteristik osob dospělého věku. Kolektivní monografie.
Record details
- ISBN: 978-80-262-0363-6 (váz.)
- Physical Description: 487 s. : il. ; 24 cm
- Edition: Vyd. 1.
- Publisher: Praha : Portál, 2013
Content descriptions
| Bibliography, etc. Note: | Obsahuje bibliografii a rejstřík |
| Language Note: | Anglické resumé |
Search for related items by subject
| Subject: | psychodiagnostika > metody psychologie dospělých psychodiagnostika > Česko psychologické testy psychodiagnostics > methods adult psychology psychodiagnostics > Czechia psychological tests |
| Genre: | kolektivní monografie collective monographs |
Available copies
- 0 of 1 copy available at Common Catalog SPOK.
Holds
- 0 current holds with 1 total copy.
Show Only Available Copies
| Location | Call Number / Copy Notes | Barcode | Shelving Location | Status | Due Date |
|---|---|---|---|---|---|
| Jabok Library | Psy-4.4/S | 424480033164 | Odborná literatura | Checked out | 08.09.2025 |
Electronic resources
Version of Resource: Obsah
| LDR | 03666nam a2200949 a 4500 | ||
|---|---|---|---|
| 001 | 18009 | ||
| 003 | CZ-PrJAB | ||
| 005 | 20150527104013.0 | ||
| 007 | ta | ||
| 008 | 130225s2013 xr a f 001 0 cze | ||
| 015 | . | ‡acnb002435997 | |
| 020 | . | ‡a978-80-262-0363-6 (váz.) | |
| 035 | . | ‡a(CZ PrSKC)nkc20132435997 | |
| 035 | . | ‡a(OCoLC)847727446 | |
| 040 | . | ‡aABA001 ‡bcze | |
| 041 | 0 | . | ‡acze ‡beng |
| 043 | . | ‡ae-xr--- | |
| 072 | 7. | ‡a159.9 ‡xPsychologie ‡2Konspekt ‡917 | |
| 080 | . | ‡a159.9.072.5 ‡2MRF | |
| 080 | . | ‡a159.922.62 ‡2MRF | |
| 080 | . | ‡a159.9.072 ‡2MRF | |
| 080 | . | ‡a(437.3) ‡2MRF | |
| 080 | . | ‡a(048.8:082) ‡2MRF | |
| 100 | 1 | . | ‡aSvoboda, Mojmír, ‡d1941- ‡7xx0009675 ‡4aut ‡4edt |
| 245 | 1 | 0. | ‡aPsychodiagnostika dospělých / ‡cMojmír Svoboda (ed.), Pavel Humpolíček, Václav Šnorek |
| 250 | . | ‡aVyd. 1. | |
| 260 | . | ‡aPraha : ‡bPortál, ‡c2013 | |
| 300 | . | ‡a487 s. : ‡bil. ; ‡c24 cm | |
| 504 | . | ‡aObsahuje bibliografii a rejstřík | |
| 520 | 9 | . | ‡aKniha je zaměřena na metody používané českými psychology a aplikované na české populaci. Nově jsou zařazeny pasáže o praktickém využití konkrétních diagnostických metod u nás. Pozornost je též věnována etickým otázkám diagnostiky. |
| 520 | 9 | . | ‡aMetody sloužící k diagnostice psychických charakteristik osob dospělého věku. Kolektivní monografie. |
| 546 | . | ‡aAnglické resumé | |
| 650 | 0 | 7. | ‡apsychodiagnostika ‡7ph115947 ‡xmetody ‡2czenas |
| 650 | 0 | 7. | ‡apsychologie dospělých ‡7ph124808 ‡2czenas |
| 650 | 0 | 7. | ‡apsychodiagnostika ‡7ph115947 ‡zČesko ‡2czenas |
| 650 | 0 | 7. | ‡apsychologické testy ‡7ph214681 ‡2czenas |
| 650 | 0 | 9. | ‡apsychodiagnostics ‡xmethods ‡2eczenas |
| 650 | 0 | 9. | ‡aadult psychology ‡2eczenas |
| 650 | 0 | 9. | ‡apsychodiagnostics ‡zCzechia ‡2eczenas |
| 650 | 0 | 9. | ‡apsychological tests ‡2eczenas |
| 655 | 7. | ‡akolektivní monografie ‡7fd501537 ‡2czenas | |
| 655 | 9. | ‡acollective monographs ‡2eczenas | |
| 700 | 1 | . | ‡aHumpolíček, Pavel, ‡d1977- ‡7mzk2004257540 ‡4aut |
| 700 | 1 | . | ‡aŠnorek, Václav ‡7xx0066640 ‡4edt |
| 856 | 4 | 1. | ‡uhttp://www.obalkyknih.cz/file/toc/68865/pdf ‡yObsah |
| 910 | . | ‡aABG312 | |
| 901 | . | ‡a18009 ‡b ‡c18009 ‡tbiblio | |